| 000 | 00436nam a22001577a 4500 | ||
|---|---|---|---|
| 008 | 150911b xxu||||| |||| 00| 0 eng d | ||
| 020 | _a9781133190110 | ||
| 050 | _aHF 5415 .L36 2013 | ||
| 100 |
_aLamb Charles W. _d2013 |
||
| 245 |
_aMKTG6/ _cCharles W. Lamb. |
||
| 260 |
_aAustralia; _bSouth-Western, _c2013. |
||
| 300 |
_axvi, 400p. _bIncludes index. _c28cm. |
||
| 650 | _aMarketing. | ||
| 700 | _aHair, Joseph F. | ||
| 942 |
_2lcc _cBOOKS _01 |
||
| 999 |
_c5656 _d5656 |
||